Jeden sąsiad danego kraju! #2 - Statystyki

Ogólne statystyki
  • Ten quiz został rozwiązany 288 razy
  • Średni wynik to 14 z 16
Statystyki odpowiedzi
Państwo sąsiadujące państwa % Poprawnych
Włochy Austria | Francja | San Marino | Słowenia | Szwajcaria | Watykan
99%
Finlandia Norwegia | Rosja | Szwecja
99%
Korea Północna Chiny | Korea Południowa | Rosja
98%
Paragwaj Argentyna | Boliwia | Brazylia
96%
Grecja Albania | Bułgaria | Macedonia Północna | Turcja
95%
Gruzja Armenia | Azerbejdżan | Rosja | Turcja
94%
Palestyna Egipt | Izrael | Jordania
94%
Uzbekistan Afganistan | Kazachstan | Kirgistan | Tadżykistan | Turkmenistan
91%
Nigeria Benin | Czad | Kamerun | Niger
91%
Wenezuela Brazylia | Gujana | Kolumbia
91%
Kambodża Laos | Tajlandia | Wietnam
83%
Malezja Brunei | Indonezja | Tajlandia
82%
Bhutan Chiny | Indie
82%
Honduras Gwatemala | Nikaragua | Salwador
81%
Senegal Gambia | Gwinea | Gwinea Bissau | Mali | Mauretania
80%
Papua Nowa-Gwinea Indonezja
77%
Nie znaleziono quizów pasujących do podanych kryteriów
Rozkład punktacji
Procent ludzi z każdym wynikiem
Percentyl według liczby udzielonych odpowiedzi
Twoja historia wyników
Nie rozwiązałeś tego quizu